| 000 | 00472nam a22001817a 4500 | ||
|---|---|---|---|
| 003 | OSt | ||
| 005 | 20180116183006.0 | ||
| 008 | 150806b xxu||||| |||| 00| 0 eng d | ||
| 020 | _a9788130930343 | ||
| 040 | _c0 | ||
| 082 | _a650.01513 KHA 2015 | ||
| 100 | _aM. Shadab Khan | ||
| 245 |
_aA Textbook of Business Mathematics _cM. Shadab Khan |
||
| 260 |
_aIndia _bViva _c2015 |
||
| 300 |
_a532 p. _bPB |
||
| 440 | _aA Textbook of Business Mathematics | ||
| 942 |
_2ddc _cBK |
||
| 999 |
_c350070 _d350070 |
||